000 00844nam a2200205Ia 4500
003 OSt
005 20241120110608.0
007 ca aa aaaaa
008 201103s9999 xx 000 0 und d
040 _cSSBUL
041 _abur
082 _223
_a၂၉၄.၃၇၂ နာ
_b၉၁၈၀ S-SAT
100 0 _aနာဂဝံသ၊ အရှင်(မုံရွာ)
_917337
245 1 0 _aသာသနာပြုခရီးသည် /
_cအရှင်နာဂဝံသ(မုံရွာ)။
260 _aရန်ကုန် ၊
_bတိုက်လင်းစာပေ၊
_c၂၀၀၀။
300 _aဃ၊ ၂၅၀ စာမျက်နှာ ၊
_bဓါတ်ပုံများ ၊
_c၂၀ စင်တီ။
500 _aS-SAT: Dr. Sai Aung Tun
650 _aဗုဒ္ဓသာသနာပြု
942 _2ddc
_cBK1
999 _c16725
_d16725